000 00462nam a2200169Ia 4500
008 230917s9999||||xx |||||||||||||| ||und||
020 _cRS850
040 _e236869
_aMAIN
041 _aEnglish
082 _a361.32 S13S
100 _aSiddiqui, H Y
245 0 _aSocial work and human relations
260 _aJaipur
_bRawat Publications
_c2015
300 _axi, 257 p.
500 _a2522 04/01/2017 HBD17/6759 05/01/2017 Main Budget Periodicals
942 _cBK
999 _c20462
_d20462